| 000 | 01851nam a2200277 a 4500 | ||
|---|---|---|---|
| 001 | 000002661 | ||
| 005 | 20250128193628.0 | ||
| 008 | 090703t2009 dr 001 0 spa d | ||
| 020 | _a9789993495369 | ||
| 040 |
_aDO-SdBNP _bspa _cBNPHU |
||
| 082 |
_a346.0482 _bE77L |
||
| 100 | 1 |
_aEspinal Hernández, Edwin, _d1971- _98396 |
|
| 245 | 1 | 0 |
_aLegislación sobre propiedad intelectual : _banotada, concordada y comentada / _cEdwin Espinal Hernández ; presentación Fabio J. Guzmán Ariza. |
| 260 |
_aSanto Domingo : _bJudicial, _c2009. |
||
| 300 |
_axx, 601 p. ; _c23 cm. |
||
| 490 | 1 | _aLeyes anotadas | |
| 500 | _aIncluye datos biográficos del autor en la solapa de la cubierta. | ||
| 504 | _aBibliografía: p. 599-601 | ||
| 505 | 0 |
_tLey 20-00 sobre propiedad industrial y su reglamento de aplicación -- _tLey 65-00 sobre derecho de autor y su reglamento de aplicación -- _tConvenio de Berna para la protección de las obras literarias y artísticas -- _tConvención internacional sobre la protección de los artistas intérpretes o ejecutantes -- _tTratado de la OMPI sobre interpretación o ejecución y fonogramas (WPPT) 1996 -- _tTratado de la OMPI sobre derecho de autor (WCT) 1996 -- _tConvenio de París para la protección de la propiedad industrial adoptado en Estocolmo el 14 de julio de 1967 -- _tAcuerdo sobre los aspectos de los derechos de propiedad intelectual relacionados con el comercio -- Capítulo quince del Tratado de Libre Comercio entre Centroamérica, Estados Unidos y República Dominicana DR-CAFTA -- _gBibliografía. |
|
| 590 | _aInventariado, 2018/LP | ||
| 650 | 4 |
_aDerechos de autor _xLegislación _98397 |
|
| 650 | 4 |
_aPropiedad industrial _xLegislación _98398 |
|
| 700 | 1 |
_aGuzmán A., Fabio J. _q(Fabio José Guzmán Ariza), _d1949- _930896 |
|
| 830 | 0 |
_aLeyes anotadas _98399 |
|
| 910 | _aValidado. Control de calidad EMS | ||
| 999 |
_c2497 _d2497 |
||